Spill o Libre de les dones / (Record no. 163864)

MARC details
000 -LEADER
campo de control de longitud fija 01333nam a2200301 i 4500
001 - NÚMERO DE CONTROL
campo de control 163864
003 - IDENTIFICADOR DE NÚMERO DE CONTROL
campo de control ES-MaACL
005 - FECHA Y HORA DE LA ÚLTIMA TRANSACCIÓN
campo de control 20260204132145.0
008 - DATOS DE LONGITUD FIJA--INFORMACIÓN GENERAL
campo de control de longitud fija 050720s1905 sp | |||||||| ||cat d
080 ## - NÚMERO DE LA CLASIFICACIÓN DECIMAL UNIVERSAL
Número de la Clasificación Decimal Universal 821.134.11-7"14"
100 1# - ENTRADA PRINCIPAL--NOMBRE DE PERSONA
Nombre de persona Roig, Jaume.
9 (RLIN) 99003
245 10 - MENCIÓN DEL TÍTULO
Título Spill o Libre de les dones /
Mención de responsabilidad, etc. per Mestre Jacme [sic] Roig ; edición crítica con las variantes de todas las publicadas y las del ms. de la Vaticana ; prólogo, estudios y comentarios por Roque Chabás.
246 3# - FORMA VARIANTE DEL TITULO
Título propio/Titulo breve Libre de les dones
260 ## - PUBLICACIÓN, DISTRIBUCIÓN, ETC.
Lugar de publicación, distribución, etc. Barcelona :
Nombre del editor, distribuidor, etc. L'Avenç ;
Lugar de publicación, distribución, etc. Madrid :
Nombre del editor, distribuidor, etc. Librería de M. Murillo,
Fecha de publicación, distribución, etc. 1905.
300 ## - DESCRIPCIÓN FÍSICA
Extensión XIX, 448 p. ;
Dimensiones 27 cm.
490 1# - MENCIÓN DE SERIE
Mención de serie Bibliotheca hispanica
504 ## - NOTA DE BIBLIOGRAFÍA, ETC.
Nota de bibliografía, etc. Bibliografía: p. 363-392.
505 8# - NOTA DE CONTENIDO CON FORMATO
Nota de contenido con formato Contiene: Apéndice II: Jaime Roig como médico en su libro "Spill o Libre de les dones" / por Antonio Chabret, médico . Apéndice III: Biografía de Jaime Roig
530 ## - NOTA DISPONIBLE DE FORMULARIO FÍSICO ADICIONAL
Nota de formato físico adicional disponible Disponible en formato digital.
600 14 - PUNTO DE ACCESO ADICIONAL DE MATERIA--NOMBRE DE PERSONA
Nombre de persona Roig, Jaume.
9 (RLIN) 99003
700 1# - ENTRADA AGREGADA--NOMBRE PERSONAL
Nombre de persona Chabás, Roque.
9 (RLIN) 37725
700 1# - ENTRADA AGREGADA--NOMBRE PERSONAL
Nombre de persona Chabret, Antonio.
9 (RLIN) 37738
830 1# - PUNTO DE ACCESO ADICIONAL DE SERIE-TÍTULO UNIFORME
Título uniforme Bibliotheca hispanica
9 (RLIN) 188305
852 ## - LOCALIZACIÓN
Ubicación ES-MaACL
Número de control de estantería B-4766
Nota libre Encuadernación pasta española
Ubicación en estantería Sala Pardo Bazán
856 4# - LOCALIZACIÓN Y ACCESO ELECTRÓNICOS
Identificador Uniforme de Recursos <a href="http://bdh-rd.bne.es/viewer.vm?id=0000134947&page=1 ">http://bdh-rd.bne.es/viewer.vm?id=0000134947&page=1 </a>
Texto de enlace Biblioteca Digital Hispánica
942 ## - ELEMENTOS DE ENTRADA SECUNDARIOS (KOHA)
Fuente del sistema de clasificación o colocación Clasificación decimal universal
Holdings
Estatus retirado Estado de pérdida Estado de daño No para préstamo Colección Biblioteca de origen Biblioteca actual Ubicación en estantería Fecha de adquisición Fuente de adquisición Total de préstamos Signatura topográfica completa Código de barras Visto por última vez Precio de reemplazo Tipo de ítem Koha
        Colección digital Biblioteca del Ateneo de Madrid Biblioteca del Ateneo de Madrid Sala Pardo Bazán 17/01/2008     B-4766 1171734 23/02/2023 23/02/2023 Libro impreso